| 000 | 00659nam a22002052 4500 | ||
|---|---|---|---|
| 001 | 0000001072 | ||
| 005 | 20151217151805.0 | ||
| 008 | 070223s xx 000 0 eng d | ||
| 020 |
_a0871238608 : _cKES 590 |
||
| 040 |
_aKABU _cKABU |
||
| 050 | 0 |
_aBV4501 _b.F56 1988 |
|
| 100 | 1 |
_aFinney, Charles Grandison, _d1792-1875. _@0000149591 |
|
| 245 | 1 | 0 |
_aPrinciples of discipleship / _cCharles G. Finney. |
| 260 |
_aMinneapolis, Minnesota : _bBethany House, _c1988. |
||
| 300 |
_a240 p. ; _c21 cm. |
||
| 650 | 0 |
_aChristian life _xCongregational authors. _@0000149592 |
|
| 908 | _a070223 | ||
| 950 | _@1 | ||
| 999 |
_c5065 _d5065 |
||